Statistics for Countries that Beat Iran

Click here to take the quiz!

General Stats

  • This quiz has been taken 710 times
    (506 since last reset)
  • The average score is 10 of 16

Answer Stats

RankCategoryCountries% Correct
4Most proven oil reserves [1]Venezuela | Saudi Arabia | Canada
98%
8Host the most refugees [2]Turkey | Colombia | Germany | Pakistan |
Uganda | United States | Sudan
93%
2Longest border with TurkeySyria
82%
7First country to be invaded by the USSRFinland | Poland | Estonia | Latvia | Lithuania | Romania
80%
6Most deaths due to an earthquake
in the 21st century
Indonesia | Haiti | China | Pakistan | Sri Lanka
80%
7Least densely populated four-letter countryChad | Oman | Mali | Peru | Laos | Fiji
79%
4Highest tea consumption per-capita [6]Turkey | Ireland | United Kingdom
74%
4Closest non-bordering to Saudi ArabiaEgypt | Bahrain | Israel
73%
3Whose prime minister was first the
"Time Magazine Person of the Year"
France | United Kingdom
64%
2Highest Zoroastrian populationIndia
45%
2Least valuable currency [4]Venezuela
44%
7Most recent to send its first
astronaut into space
Australia | United Arab Emirates | Kazakhstan | Denmark |
South Korea | Malaysia | Sweden
38%
2Producing the most dates (fruit)Egypt
35%
4Largest saltwater lake inside one nationKazakhstan | Australia | Kyrgyzstan
35%
6Latest to permanently abolish monarchyBarbados | Nepal | Mauritius | Fiji | Central African Republic
29%
4Smallest range of missiles [5]Pakistan | Taiwan | South Korea
21%

Score Distribution

Percentile by Number Answered

Percent of People with Each Score

Your Score History

You have not taken this quiz since the last reset